|
|
|
|
| LEADER |
00000cam a2200000 7i4500 |
| 001 |
0000026713 |
| 005 |
20160106.0 |
| 008 |
231215 my a eng |
| 040 |
|
|
|a INS
|
| 090 |
0 |
0 |
|a TA1145
|b F37 2012
|
| 100 |
1 |
|
|a Farndon, John
|
| 245 |
1 |
0 |
|a 1000 perkara kamu patut tahu tentang bangunan & pengangkutan
|c John Farndon
|
| 260 |
|
|
|a Kuala Lumpur :
|b Institut terjemahan Negara Malaysia ,
|c 2012
|
| 300 |
|
|
|a 61ms :
|b ill ;
|c 27ms.
|
| 500 |
|
|
|a mengandungi indeks
|
| 650 |
|
0 |
|a Buildings
|x Juvenile literature
|
| 650 |
|
0 |
|a Transportation
|x Juvenile literature
|
| 999 |
|
|
|a 1000002533
|b BOOK
|c Open Shelf
|e Default branch
|